000
00303nam a22001217a 4500
008
180426b xxu||||| |||| 00| 0 eng d
041
_a
eng
080
_a
043.3
100
_a
0
101
_a
ARK-BA
245
_a
Projektimi i nje Lagjje ne Zone Rurale- Shtepi Individuale
_c
Krasniqi, I
942
_2
udc
_c
BK
999
_c
45554
_d
45554